Statistics for Biggest Cities in Europe and USA

Click here to take the quiz!

General Stats

  • This quiz has been taken 4 times
  • The average score is 27 of 40

Answer Stats

PopulationCity% Correct
3.75 mBerlin
100%
1.21 mBrussels
100%
2.68 mChicago
100%
1.35 mDallas
100%
2.32 mHouston
100%
15.5 mIstanbul
100%
9.13 mLondon
100%
3.98 mLos Angeles
100%
3.22 mMadrid
100%
2.14 mParis
100%
1.59 mPhiladelphia
100%
2.84 mRome
100%
1.40 mBelgrade
75%
1.22 mBirmingham
75%
1.77 mBudapest
75%
1.90 mHamburg
75%
1.40 mMilan
75%
12.2 mMoscow
75%
8.23 mNew York
75%
1.32 mPrague
75%
1.58 mSan Antonio
75%
1.43 mSan Diego
75%
5.38 mSt. Petersburg
75%
1.64 mBarcelona
50%
2.16 mBucharest
50%
2.95 mKyiv
50%
1.98 mMinsk
50%
1.73 mPhoenix
50%
1.24 mSofia
50%
1.92 mVienna
50%
1.79 mWarsaw
50%
1.08 mCologne
25%
1.26 mKazan
25%
1.45 mKharkiv
25%
1.47 mMunich
25%
1.26 mNizhny Novgorod
25%
1.12 mRostov-on-Don
25%
1.17 mSamara
25%
1.12 mUfa
25%
1.05 mVoronezh
25%

Score Distribution

Percentile by Number Answered

Percent of People with Each Score

Your Score History

You have not taken this quiz